<?xml version="1.0" encoding="UTF-8"?>
<record
    xmlns:xsi="http://www.w3.org/2001/XMLSchema-instance"
    xsi:schemaLocation="http://www.loc.gov/MARC21/slim http://www.loc.gov/standards/marcxml/schema/MARC21slim.xsd"
    xmlns="http://www.loc.gov/MARC21/slim">

  <leader>00618nam a2200229 a 4500</leader>
  <controlfield tag="001">591</controlfield>
  <controlfield tag="003">OSt</controlfield>
  <controlfield tag="005">20260119104515.0</controlfield>
  <controlfield tag="008">260119s       lxxua          00100 eng d</controlfield>
  <datafield tag="020" ind1=" " ind2=" ">
    <subfield code="a">9780071220934</subfield>
    <subfield code="c">Gift</subfield>
  </datafield>
  <datafield tag="040" ind1=" " ind2=" ">
    <subfield code="c">.</subfield>
  </datafield>
  <datafield tag="082" ind1="0" ind2="4">
    <subfield code="b">658 J716 2011</subfield>
  </datafield>
  <datafield tag="100" ind1="1" ind2=" ">
    <subfield code="a">Jones, Gareth R.</subfield>
  </datafield>
  <datafield tag="245" ind1="1" ind2="0">
    <subfield code="a">Contemporary management /</subfield>
    <subfield code="c">Gareth R. Jones, J. George.</subfield>
  </datafield>
  <datafield tag="250" ind1=" " ind2=" ">
    <subfield code="a">7th ed.</subfield>
  </datafield>
  <datafield tag="260" ind1=" " ind2=" ">
    <subfield code="a">Boston, Mass. :</subfield>
    <subfield code="b">McGraw-Hill,</subfield>
    <subfield code="c">2011.</subfield>
  </datafield>
  <datafield tag="300" ind1=" " ind2=" ">
    <subfield code="a">622 p</subfield>
    <subfield code="c">26 cm.</subfield>
  </datafield>
  <datafield tag="504" ind1=" " ind2=" ">
    <subfield code="a">Includes bibl. references and index.</subfield>
  </datafield>
  <datafield tag="650" ind1=" " ind2="4">
    <subfield code="a">Management.</subfield>
  </datafield>
  <datafield tag="700" ind1="1" ind2=" ">
    <subfield code="a">George, Jennifer M.,</subfield>
    <subfield code="e">jt. auth.</subfield>
  </datafield>
  <datafield tag="942" ind1=" " ind2=" ">
    <subfield code="2">ddc</subfield>
    <subfield code="c">BK-EN</subfield>
  </datafield>
  <datafield tag="999" ind1=" " ind2=" ">
    <subfield code="c">8496</subfield>
    <subfield code="d">8496</subfield>
  </datafield>
  <datafield tag="952" ind1=" " ind2=" ">
    <subfield code="0">0</subfield>
    <subfield code="1">0</subfield>
    <subfield code="2">ddc</subfield>
    <subfield code="4">0</subfield>
    <subfield code="7">0</subfield>
    <subfield code="a">KHOBAR</subfield>
    <subfield code="b">KHOBAR</subfield>
    <subfield code="d">2026-01-19</subfield>
    <subfield code="l">0</subfield>
    <subfield code="o">658 J716 2011</subfield>
    <subfield code="p">1000000027633</subfield>
    <subfield code="r">2026-01-19 10:45:42</subfield>
    <subfield code="w">2026-01-19</subfield>
    <subfield code="y">BK-EN</subfield>
  </datafield>
</record>
